LEADER 02110oas 2200697 a 450 001 9910142281703321 005 20251105213014.0 011 $a1944-5156 035 $a(OCoLC)244869749 035 $a(CONSER) 2008238869 035 $a(CKB)1000000000319378 035 $a(EXLCZ)991000000000319378 100 $a20080903b20072016 sy a 101 0 $aeng 135 $aurmn||||||||| 181 $ctxt$2rdacontent 182 $cc$2rdamedia 183 $acr$2rdacarrier 200 10$aACRP report 210 1$aWashington, D.C. :$cTransportation Research Board,$d2007-2016. 215 $a1 online resource (160 volumes) $cillustrations 300 $aEach issue also has a distinctive title. 311 08$a1935-9802 517 3 $aAirport Cooperative Research Program report 531 0 $aACRP rep. 606 $aAeronautics$zUnited States$vPeriodicals 606 $aAirports$zUnited States$vPeriodicals 606 $aAe?ronautique$zE?tats-Unis$vPe?riodiques 606 $aAeronautics$2fast$3(OCoLC)fst00798293 606 $aAirports$2fast$3(OCoLC)fst00803726 607 $aUnited States$2fast$1https://id.oclc.org/worldcat/entity/E39PBJtxgQXMWqmjMjjwXRHgrq 608 $aPeriodicals.$2fast 615 0$aAeronautics 615 0$aAirports 615 6$aAe?ronautique 615 7$aAeronautics. 615 7$aAirports. 676 $a629.136 712 02$aAirport Cooperative Research Program 712 02$aNational Research Council (U.S.).$bTransportation Research Board. 712 02$aNational Academies of Sciences, Engineering, and Medicine (U.S.).$bTransportation Research Board. 712 02$aUnited States.$bFederal Aviation Administration, 801 0$bIUL 801 1$bIUL 801 2$bIUL 801 2$bNSD 801 2$bOCLCQ 801 2$bOCLCO 801 2$bOCLCA 801 2$bOCLCF 801 2$bOCLCQ 801 2$bDLC 801 2$bOCLCQ 801 2$bFUG 801 2$bOCLCO 801 2$bOCLCL 801 2$bOCLCQ 906 $aJOURNAL 912 $a9910142281703321 996 $aACRP report$92428371 997 $aUNINA